Rhythm Video Games - Statistics

General Stats
  • This quiz has been taken 59 times
  • The average score is 9 of 16
Answer Stats
Picture Answer % Correct
Guitar Hero
96%
OSU!
94%
Geometry Dash
92%
Beat Saber
91%
Just Dance Now
91%
Friday Night Funkin'
89%
Dance Dance Revolution
83%
Just Shapes & Beats
60%
Crypt of the NecroDancer
43%
Rock Band
42%
Persona 4: Dancing All Night
36%
Hi-Fi Rush
32%
Audiosurf
15%
Bullet Per Minute
13%
Rocksmith
11%
Metal: Hellsinger
6%
No matching quizzes found
Score Distribution
Percent of People with Each Score
Percentile by Number Answered
Your Score History
You have not taken this quiz